[Event "Mittelfranken-chTB1 1819"]
[Site "Mittelfranken"]
[Date "2019.03.31"]
[Round "8.3"]
[White "Fiedler, Lars"]
[Black "Balhar, Rudolf"]
[Result "1-0"]
[WhiteElo "1989"]
[BlackElo "1801"]
[PlyCount "67"]
[EventDate "2018.10.14"]
[EventType "team-tourn"]
[EventRounds "9"]
[EventCountry "GER"]
[SourceTitle "EXT 2022"]
[Source "ChessBase"]
[SourceDate "2021.10.06"]
[SourceVersion "1"]
[SourceVersionDate "2021.10.06"]
[SourceQuality "1"]
[WhiteTeam "Lauf SV"]
[BlackTeam "Erlangen Siemens"]
[WhiteTeamCountry "GER"]
[BlackTeamCountry "GER"]

1. e4 e5 2. Nf3 Nf6 3. Nxe5 d6 4. Nf3 Nxe4 5. Nc3 Nxc3 6. dxc3 Be7 7. Bf4 Nc6 8. Qd2 0-0 9. 0-0-0 Bf6 10. h3 Be6 11. g4 Ne5 12. Bxe5 dxe5 13. Qe3 Qe8 14. g5 Be7 15. Nxe5 Qa4 16. a3 Rfe8 17. f4 f6 18. gxf6 Bxf6 19. Bd3 Rad8 20. Qg3 Qa5 21. Ng4 Be7 22. Rhg1 Qh5 23. f5 Bf7 24. Kb1 Bh4 25. Qxc7 Kh8 26. Qxb7 Re7 27. Qb4 Ree8 28. Bb5 Rxd1+ 29. Rxd1 Rb8 30. Qc5 Qg5 31. Qxa7 Rf8 32. Qc5 Rd8 33. Rd7 Bg8 34. b3 1-0

[Event "Mittelfranken-chTB1 1415"]
[Site "Mittelfranken"]
[Date "2014.12.14"]
[Round "4.8"]
[White "Ludwig, Michael"]
[Black "Balhar, Rudolf"]
[Result "1-0"]
[WhiteElo "1898"]
[BlackElo "1807"]
[PlyCount "45"]
[EventDate "2014.09.29"]
[EventType "team-tourn"]
[EventRounds "9"]
[EventCountry "GER"]
[SourceTitle "EXT 2020"]
[Source "ChessBase"]
[SourceDate "2019.10.17"]
[SourceVersion "1"]
[SourceVersionDate "2019.10.17"]
[SourceQuality "1"]
[WhiteTeam "Buechenbach/Roth"]
[BlackTeam "Siemens Erlangen"]
[WhiteTeamCountry "GER"]
[BlackTeamCountry "GER"]

1. e4 e5 2. Nf3 Nf6 3. Nxe5 d6 4. Nf3 Nxe4 5. Nc3 Nxc3 6. dxc3 Be7 7. Bf4 Nc6 8. Qd2 Be6 9. 0-0-0 Qd7 10. Bd3 h6 11. h3 a6 12. Rhe1 0-0-0 13. Nd4 Nxd4 14. cxd4 Qa4 15. d5 Bf6 16. dxe6 Qxa2 17. Qb4 fxe6 18. c3 a5 19. Qb5 c6 20. Qb6 e5 21. Bf5+ Kb8 22. Be3 c5 23. Rxd6 1-0

[Event "Mittelfranken-chTB2b 1213"]
[Site "Germany"]
[Date "2013.04.21"]
[Round "8.6"]
[White "Heydt, Guenter"]
[Black "Balhar, Rudolf"]
[Result "0-1"]
[WhiteElo "1661"]
[BlackElo "1834"]
[PlyCount "106"]
[EventDate "2012.10.07"]
[EventType "team-tourn"]
[EventRounds "9"]
[EventCountry "GER"]
[SourceTitle "EXT 2019"]
[Source "ChessBase"]
[SourceDate "2018.10.10"]
[SourceVersion "1"]
[SourceVersionDate "2018.10.10"]
[SourceQuality "1"]
[WhiteTeam "Fuerth SG"]
[BlackTeam "Erlangen Siemens"]
[WhiteTeamCountry "GER"]
[BlackTeamCountry "GER"]

1. d4 Nf6 2. c4 e6 3. Nf3 b6 4. Bg5 Bb7 5. e3 h6 6. Bh4 Be7 7. Nc3 0-0 8. Bd3 d5 9. 0-0 Nbd7 10. cxd5 Nxd5 11. Bxe7 Qxe7 12. Nxd5 exd5 13. Rc1 c5 14. dxc5 bxc5 15. Re1 Rfd8 16. Bb1 Rac8 17. Qc2 Nf6 18. Qf5 Qd7 19. Qxd7 Nxd7 20. Bf5 Rc7 21. Bxd7 Rdxd7 22. Ne5 Rd8 23. Nd3 Rdc8 24. h3 g5 25. Ne5 f6 26. Ng4 Kg7 27. f4 Re7 28. fxg5 fxg5 29. Rf1 h5 30. Nf6 Kg6 31. g4 hxg4 32. Nxg4 d4 33. exd4 cxd4 34. Rxc8 Bxc8 35. Rd1 Bxg4 36. hxg4 Re4 37. Kf2 Rxg4 38. a3 Kf5 39. b4 Ke5 40. b5 Re4 41. a4 d3 42. a5 Kd4 43. b6 axb6 44. axb6 Re2+ 45. Kf3 Rb2 46. Kg4 Rxb6 47. Kxg5 Ke3 48. Re1+ Kf2 49. Re4 Rd6 50. Kg4 d2 51. Rf4+ Ke3 52. Rf3+ Ke2 53. Kg3 Rg6+ 0-1

[Event "Mittelfranken-chT 0405"]
[Site "Germany"]
[Date "2005.04.17"]
[Round "9.8"]
[White "Balhar, Rudolf"]
[Black "Appl, Rudolf"]
[Result "1-0"]
[WhiteElo "1823"]
[BlackElo "1757"]
[PlyCount "39"]
[EventDate "2004.10.17"]
[EventType "team"]
[EventRounds "9"]
[EventCountry "GER"]
[SourceTitle "EXT 2007"]
[Source "ChessBase"]
[SourceDate "2006.11.23"]
[SourceVersion "1"]
[SourceVersionDate "2006.11.23"]
[SourceQuality "1"]

1. e4 c5 2. Nc3 Nc6 3. g3 e6 4. Bg2 Nf6 5. d3 Be7 6. Nge2 0-0 7. 0-0 d5 8. exd5 Nxd5 9. Bd2 Bf6 10. Rb1 Rb8 11. Re1 b6 12. Nxd5 exd5 13. Nf4 Ne7 14. Nh5 Bb7 15. Bf4 Ra8 16. Nxf6+ gxf6 17. Bh6 Re8 18. Rxe7 Bc8 19. Rxe8+ Qxe8 20. Bxd5 1-0